Albay viejo/ (Record no. 6259)

MARC details
000 -LEADER
fixed length control field 00608nam a22001937a 4500
003 - CONTROL NUMBER IDENTIFIER
control field OSt
005 - DATE AND TIME OF LATEST TRANSACTION
control field 20251125115934.0
008 - FIXED-LENGTH DATA ELEMENTS--GENERAL INFORMATION
fixed length control field 251125b |||||||| |||| 00| 0 eng d
040 ## - CATALOGING SOURCE
Original cataloging agency DWC-Main Lib.
Transcribing agency OC
082 ## - DEWEY DECIMAL CLASSIFICATION NUMBER
Classification number SC. 959.91 B212a 2010
100 ## - MAIN ENTRY--PERSONAL NAME
Personal name Banzuela, Raffi
245 ## - TITLE STATEMENT
Title Albay viejo/
Statement of responsibility, etc. Raffi Banzuela
260 ## - PUBLICATION, DISTRIBUTION, ETC.
Place of publication, distribution, etc. Daraga, Albay (Phils.) :
Name of publisher, distributor, etc. Fastgraphics Ent.,
Date of publication, distribution, etc. c2010.
300 ## - PHYSICAL DESCRIPTION
Extent xvii, 254 p. :
Other physical details ill. ;
Dimensions 22 cm.
500 ## - GENERAL NOTE
General note Includes bibliographical references.
650 ## - SUBJECT ADDED ENTRY--TOPICAL TERM
Topical term or geographic name entry element 1. Bicol (Albay)--History.
650 ## - SUBJECT ADDED ENTRY--TOPICAL TERM
Topical term or geographic name entry element 2. Bikols (Philippine people)--History.
942 ## - ADDED ENTRY ELEMENTS (KOHA)
Source of classification or shelving scheme Dewey Decimal Classification
Koha item type Special Collection
Call number prefix SC.
Suppress in OPAC No
952 ## - LOCATION AND ITEM INFORMATION (KOHA)
--
Holdings
Withdrawn status Lost status Source of classification or shelving scheme Damaged status Not for loan Home library Current library Shelving location Date acquired Source of acquisition Total Checkouts Full call number Barcode Date last seen Copy number Price effective from Koha item type Uniform Resource Identifier
    Dewey Decimal Classification     College Library College Library Special Collection 08/16/2013 Donation   SC. 959.91 B212a 2010 CL50220 11/25/2025 C1 11/25/2025 SC